| 000 | 01508cab a2200253 4500 | ||
|---|---|---|---|
| 001 | ##L131827 | ||
| 008 | 051212n2005 000 0 eng u | ||
| 035 | _a(Sirsi) u131827 | ||
| 041 | 0 | _aeng | |
| 100 | 1 | _aBarlow, Michael | |
| 245 | 0 | 0 | _aCivil claims for pollution |
| 260 | _c2005 | ||
| 490 | 0 |
_aEnvironment Information Bulletin _v(154) December 2005 8-10(3) |
|
| 520 | _aExamines the different steps required in making a civil claim for pollution. The law in England and Wales governing claims for contamination to land is based on a corpus of case law developed over many years. It can adapt to new situations but it can make it initially difficult to determine whether or not a specific claim is covered. Looks at the process of determining negligence, establishing nuisance including "Rylands v Fletcher", the prediction of what is and what is not a non-natural use of land, practical considerations and the European dimension. Concludes that because of the nature of the law relating to contamination claims it is extremely difficult to set out simple rules to be used in any situation. | ||
| 590 | _aIKA030106 | ||
| 650 | 2 | 4 | _aRYLANDS V FLETCHER |
| 650 | 2 | 4 | _aGRAHAM & GRAHAM V RE-CHEM INTERNATIONAL LTD |
| 650 | 2 | 4 | _aCAMBRIDGE WATER V EASTERN COUNTIES LEATHER PLC |
| 650 | 2 | 4 | _aHUNTER V CANARY WHARF |
| 650 | 2 | 4 | _aMCKENNA AND OTHERS V BRITISH ALUMINIUM LTD |
| 650 | 2 | 4 | _aTRANSCO PLC V STOCKPORT MBC |
| 690 | 2 | 4 | _aPROPERTY-RURAL AND NATURAL ASSETS-LAND-CONTAMINATED LAND |
| 942 | _n0 | ||
| 999 |
_c76283 _d76283 |
||